000 01311nam a22002897a 4500
003 OSt
005 20250411103010.0
008 240913b ||||| |||| 00| 0 eng d
040 _c0
082 _aDPer 621.317 Ie21 December 2022 v.37 n. 12 part 1&2.
100 _aZhou, Lingyun.
_eauthor.
_961026
245 _aEfficiency optimization of lcc-s compensated multiple-receiver bidirectional wpt system for stackers in automated storage and retrieval system /
_cLingyun Zhou, Shunpan Liu, Yundi Li, Ruikun Mai, Yong Li, Ling Fu, and Lei Qi.
260 _aNew York ;
_bThe Institute of Electrical and Electronics Engineers, Inc.,
_cDecember 2022.
300 _avolume 37, pages 15693-15705,
_billustration.
500 _aIEEE Transactions on Power Electronics, v. 37 n. 12, pages 15693-15705, December 2022.
650 0 _aAutomated storage and retrieval systems (ASRS).
_966347
650 0 _amaximum efficiency point tracking (MEPT).
_966348
650 0 _amultiple receivers.
_966349
700 _aZhou, Lingyun.
_eauthor.
_961026
700 _a Shunpan Liu,
_eauthor.
_961027
700 _aLi, Yundi.
_eauthor.
_961028
700 _aMai, Ruikun.
_eauthor.
_961029
700 _aLi, Yong.
_eauthor.
_961030
700 _aFu, Ling.
_eauthor.
_961031
700 _aQi, Lei.
_eauthor.
_961032
942 _2ddc
_cPER
999 _c21625
_d21625